Statistics for Two Letter State Abbreviations With a Map

Click here to take the quiz!

General Stats

  • This quiz has been taken 71 times
  • The average score is 26 of 50

Answers on the Map

Answers color-coded by a green-red scale on the quiz's map according to % correct below.
Loading ...
 

Answer Stats

AbbreviationState% Correct
CACalifornia
89%
TXTexas
83%
WAWashington
78%
ALAlabama
76%
NYNew York
76%
FLFlorida
74%
MIMichigan
72%
AKAlaska
70%
MOMissouri
65%
NDNorth Dakota
63%
ARArkansas
61%
IDIdaho
61%
LALouisiana
61%
MAMassachusetts
61%
NCNorth Carolina
61%
OROregon
61%
SDSouth Dakota
61%
MNMinnesota
59%
NMNew Mexico
57%
SCSouth Carolina
57%
COColorado
54%
GAGeorgia
54%
AZArizona
52%
ILIllinois
52%
NENebraska
52%
NVNevada
52%
NJNew Jersey
52%
IAIowa
50%
OKOklahoma
50%
UTUtah
50%
HIHawaii
48%
INIndiana
48%
WYWyoming
48%
MTMontana
46%
WIWisconsin
46%
MEMaine
39%
KSKansas
37%
KYKentucky
37%
MSMississippi
37%
OHOhio
37%
WVWest Virginia
37%
NHNew Hampshire
35%
VAVirginia
35%
PAPennsylvania
33%
TNTennessee
33%
VTVermont
33%
CTConnecticut
28%
RIRhode Island
28%
DEDelaware
24%
MDMaryland
22%

Score Distribution

Percentile by Number Answered

Percent of People with Each Score

Your Score History

You have not taken this quiz